| 000 | 00539nam a22001817a 4500 | ||
|---|---|---|---|
| 003 | DO-SdBNP | ||
| 005 | 20180214104433.0 | ||
| 008 | 171020b 2016 dr ||| 00| 0 spa d | ||
| 020 | _a9789945598063 | ||
| 040 |
_aBPMSU _bspa _cBPMSU |
||
| 100 | 1 | _aHernández, Jesús | |
| 245 | 1 | 0 |
_aFilosofía Latinoamericana : _bbibliografía de su historia / _cJesús Hernández |
| 260 |
_aSanto Domingo : _bArgos ; _c2016. |
||
| 300 |
_a66 p. : _c22 cm. |
||
| 942 |
_2ddc _cBK |
||
| 945 | _aInventariado / 2017 VM | ||
| 956 |
_aBTAVAREZ _b10 _c20172010 _d0038 |
||
| 999 |
_c12656 _d12656 |
||